Personalizácia užívateľského rozhrania v zdieľanom automobile

Na minha lista:
Detalhes bibliográficos
Autor principal: Földešová, Nikola (Author)
Outros Autores: Lipková, Michala (Thesis advisor)
Formato: Manuscrito Livro
Idioma:eslovaco
Publicado em: Bratislava 2020
Assuntos:
Acesso em linha:http://is.stuba.sk/zp/portal_zp.pl?podrobnosti=153612
Tags: Adicionar Tag
Sem tags, seja o primeiro a adicionar uma tag!

MARC

LEADER 00000ntm a22000003a 4500
001 stuzp80112
003 SK-STU
005 20200812072833.6
007 ta
008 150427s2015----xo-----f-mn---000-0-slo-d
040 |a STU  |b slo 
041 0 |a slo 
100 1 |a Földešová, Nikola  |u 059190  |4 aut  |U FAD Fakulta architektúry  |T FA Ústav dizajnu  |X 77241  |U A9190  |Y 400  |7 77241 
242 0 1 |a Personalization of User Interface in a Shared Vehicle  |y eng 
245 1 0 |a Personalizácia užívateľského rozhrania v zdieľanom automobile 
260 |c 2020  |a Bratislava 
650 4 |a užívateľské rozhranie  |2 slo 
650 4 |a personalizácia  |2 slo 
650 4 |a prispôsobenie  |2 slo 
650 4 |a autonómne riadenie  |2 slo 
650 4 |a carsharing  |2 slo 
650 4 |a interakcia  |2 slo 
650 4 |a komfort  |2 slo 
650 4 |a mestská mobilita  |2 slo 
650 4 |a nositeľná technológia  |2 slo 
650 4 |a autonomous drive  |2 eng 
650 4 |a carsharing  |2 eng 
650 4 |a interaction  |2 eng 
650 4 |a comfort  |2 eng 
650 4 |a urban mobility  |2 eng 
650 4 |a wearable technology  |2 eng 
650 4 |a user interface  |2 eng 
650 4 |a personalization  |2 eng 
650 4 |a customization  |2 eng 
700 1 |a Lipková, Michala  |u 059190  |k Z1  |4 ths  |U FAD Fakulta architektúry  |T FA Ústav dizajnu  |X 15371  |U A9190  |Y 400  |7 A000015371 
856 4 |u http://is.stuba.sk/zp/portal_zp.pl?podrobnosti=153612  |u https://opac.crzp.sk/?fn=detailBiblioForm&sid=2DE4D0DBB221E90D108BF2BEC259